00777cam a2200217 a 450000100100000000500170001000800410002702000150006804000300008308200180011310000310013124501050016226000500026730000280031750000420034550400550038760000240044265000250046665000250049165000430051600000715520200929154100.0970909s1996 pr ac b 001 0bspa  a1563281058 aDO-SdBNPcDLCdDLCdBNPHU a920.72bP123F1 aFernández Sanz, Yolanda.13aTrina Padilla de Sanz, "La hija del Caribe" :bcolección de recuerdos de Yolanda Fernández Sanz. aSan Juan, Puerto Rico :bPlaza Mayor,cc1996. a189 p. :bil. ;c27 cm. aIncluye notas al pie de las páginas aIncluye referencias bibliográficas (p. 181-189).14aPADILLA SANZ, TRINA 4aBiografíaxMujeres 4aBiografíaxFamilia 4aAutores puertorriqueñosxBiografía